Centenario y panegírico de Federico Henqíquez y Carvajal. (Registro nro. 33567)
[ vista simple ]
| 000 -CABECERA | |
|---|---|
| campo de control de longitud fija | 00272nam a2200097 a 4500 |
| 005 - FECHA Y HORA DE LA ÚLTIMA TRANSACCIÓN | |
| campo de control | 20200930070743.0 |
| 008 - DATOS DE LONGITUD FIJA--INFORMACIÓN GENERAL | |
| campo de control de longitud fija | 110923s1948 000 spa d |
| 040 ## - FUENTE DE LA CATALOGACIÓN | |
| Centro catalogador/agencia de origen | DO-SdBNP |
| 245 #0 - MENCIÓN DE TÍTULO | |
| Título | Centenario y panegírico de Federico Henqíquez y Carvajal. |
| 260 ## - PUBLICACIÓN, DISTRIBUCIÓN, ETC. | |
| Lugar de publicación, distribución, etc. | La Habana, |
| Fecha de publicación, distribución, etc. | 1948. |
No hay ítems disponibles.
